000
00286nam a22001097a 4500
082
_a
621.38889 TEL'C
100
_a
COLES
_9
65515
245
_a
TELEVISION REPAIRS MADE EASY , THE EDITORS OF ELECTRONIC TECHNICIAN DEALERS
260
_a
CANADA
_b
COLES
_c
1985
300
_a
443P
942
_c
BK
999
_c
573698
_d
573698